000 00599nam a2200229 i 4500
001 bgj
100 1 _aLANGE, Hartmut.
245 1 _aDie Revolution als Geisterschiff :
_bMassenemanzipation und Kunst /
_cHartmut Lange.
260 _aReinbek bei Hamburg :
_bRowohlt,
_c1973.
300 _a186, [1] s. ;
_c19 cm.
490 1 _aDas Neue Buch
_v36
650 9 _aNauki społeczne
830 _aDas Neue Buch
020 _a3499250365
040 _cBPK
041 0 _ager
044 _aDEU
080 _a3
920 _a3-499-25036-5
942 _cKS
008 s gw f |000 0 ger
999 _c50489
_d50489
856 _uhttp://koha.tu.koszalin.pl/cgi-bin/koha/opac-detail.pl?biblionumber=50489
_yKatalog online BPK